Using strategic assessments for environmental mainstreaming in the water and sanitation sector: (Registro nro. 20143)

Detalles MARC
000 -CABECERA
Campo de control 00549nam a22001697a 4500
005 - FECHA Y HORA DE LA ULTIMA TRANSACCION
Campo de control 20180323154422.0
008 - ELEMENTOS DE LONGITUD FIJA—INFORMACION GENERAL
Campo de control 180323b2005 ck ||||| |||| 00| 0 eng d
040 ## - FUENTE DE CATALOGACIÓN
Agencia catalogadora original CO-BoIAVH
Agencia transcriptora CO-BoIAVH
041 ## - IDIOMA
Código de idioma para texto/pista de sonido o título separado Inglés
044 ## - PAÍS DE PUBLICACIÓN
País de publicación Colombia
090 ## - CLASIFICACIÓN LOCAL
Colección FG-
Consecutivo 0284
245 00 - MENCION DE TITULO
Título Using strategic assessments for environmental mainstreaming in the water and sanitation sector:
Parte restante del título the cases of Argentina and Colombia
260 ## - PUBLICACION, DISTRIBUCION, ETC. (PIE DE IMPRENTA)
Lugar de publicación, distribución, etc. :
Nombre del editor, distribuidor, etc. The World Bank,
Fecha de publicación, distribución, etc. 2005.
300 ## - DESCRIPCION FISICA
Extensión 23 páginas,
490 ## - MENCION DE SERIE
Mención de serie Sustainable Development Working Paper,
Designación numérica/secuencial del volumen 26
942 ## - ELEMENTOS ADICIONALES (KOHA)
Sistema de clasificación Local
Tipo de ítem Folleto
Existencias
Withdrawn status Lost status Sistema de Clasificación Damaged status No para préstamo Colección Ubicación Permanente Ubicación actual Fecha de adquisición Fuente de Valor Valor Total Checkouts Número topográfico Inventario / Código de Barras Date last seen Ejemplar Price effective from Forma de adquisición Tipo de material
    Local     Hemeroteca Bogotá Bogotá 23/03/2018 Instituto 15000.00   FG-0284 043545 23/03/2018 Ej. 1 23/03/2018 Donación Folleto